000 00238nam a2200121Ia 4500
100 _aGarg H.P
942 _cBK
654 _aFortran
245 _aFortran IV & Engg. Application
260 _bnone
082 _a1.642
546 _aENGLISH
999 _c34629
_d34629